000 00677nam a22001937a 4500
005 20130819131510.0
010 _aB-523583-587
020 _a9788184776867
_c150.00
035 _aB-523583-587
037 _aKKP/VEN
_bDPL
082 _22011
_aS
100 _aDubey, Scharada
245 _aMonkey in My Backyard:
_bliving in harmony with animals/
_cby Scharada Dubey
260 _aUSA
_bScholastic India Pvt.Ltd.
_c2011
270 _aGolf view Corporate Tower,-A,3rd floor,dlf phase-v
_bGurgaon
_e122002
300 _a124p.
_c15cm.(pbk)
_bill.
942 _2ddc
_cCH
_mDUB
_hS
999 _c78295
_d78295